Δήμοι της Ελλάδας που Αρχίζουν από Π - Statistics

General Stats
  • This quiz has been taken 9 times
  • The average score is 14 of 33
Answer Stats
Δήμος % Correct
Πατρέων
86%
Πάρου
71%
Παιανίας
57%
Παλαιού Φαλήρου
57%
Πάτμου
57%
Πειραιώς
57%
Περιστερίου
57%
Πηνειού
57%
Πύργου
57%
Παγγαίου
43%
Παιονίας
43%
Παλαμά
43%
Παλλήνης
43%
Παπάγου-Χολαργού
43%
Πάργας
43%
Παύλου Μελά
43%
Πεντέλης
43%
Πλατανιά
43%
Πόρου
43%
Πρέβεζας
43%
Προσοτσάνης
43%
Πυλαίας-Χορτιάτη
43%
Πύλης
43%
Πύλου-Νέστορος
43%
Πωγωνίου
43%
Πέλλας
29%
Περάματος
29%
Πολυγύρου
29%
Πρεσπών
29%
Πύδνας-Κολινδρού
29%
Παξών
14%
Παρανεστίου
14%
Πετρουπόλεως
14%
No matching quizzes found
Score Distribution
Percent of People with Each Score
Percentile by Number Answered
Your Score History
You have not taken this quiz